| 000 | 00465nam a2200193Ia 4500 | ||
|---|---|---|---|
| 005 | 20240921120750.0 | ||
| 008 | 240921s9999||||xx |||||||||||||| ||und|| | ||
| 041 | _aENGLISH | ||
| 082 | _A621.4021 J5 | ||
| 100 | _aLee,John Francis | ||
| 245 | 0 | _aThermodynamics | |
| 250 | _a1st | ||
| 260 |
_c1955 _bAddision,USA |
||
| 500 | _aWork | ||
| 650 |
_aThermodynamics _bAeronautical Engineering |
||
| 700 | _a Sears,Francis Weston | ||
| 942 | _cBK | ||
| 999 |
_c247500 _d247500 |
||